000 00507cam a2200205ua 4500
020 _c60.00
041 _aeng
_h
082 _a612.7
_bMIL/FI
100 _aMiller, David K .
245 _aFitness of a lifetime commitment /
_cDavid K Miller.
_hTextual Documents
250 _a2 /
_b.
260 _aDelhi :
_bSurjeet book depot ,
_c1982.
300 _a247 ; .
365 _a60.00
500 _a** Reference
504 _a
700 1 _aAllen, Earl T .
942 _cBK
999 _c7592
_d7592